000 00261nam a2200097Ia 4500
001 1228850
005 20250827093050.0
008 250824s9999 xx 000 0 und d
245 0 _aISSIZ ERKEKLER KOROSU
_cCANAN TAN
260 _bALTIN KİTAPLAR
999 _c1228850
_d1228850